| 000 | 00715naa a2200145 i 4500 | ||
|---|---|---|---|
| 001 | 9089 | ||
| 003 | KOSZ 005 | ||
| 005 | 20180316124818.0 | ||
| 008 | 150518s2009 pl | | |000 ||pol | ||
| 040 |
_cBPK _dKOSZ 005/EG |
||
| 100 | 1 |
_aBŁAŻEJOWSKA, Małgorzata. _d1996 - . _bPolitechnika Koszalińska - Instytut Zarządzania i Marketingu, _cZespół Naukowo-Dydaktyczny Nauk Prawnych |
|
| 245 | 1 | 0 |
_aWpływ partnerstwa publiczno-prywatnego na rozwój obszarów wiejskich i absorpcję środków unijnych / _cMałgorzata Błażejowska. |
| 773 | 0 |
_iW : _tZeszyty Naukowe Szkoły Głównej Gospodarstwa Wiejskiego w Warszawie - Polityki Europejskie, Finanse i Marketing. - _g2009, s. 249-256 _x2081-3430 |
|
| 942 |
_cART _2UKD |
||
| 999 |
_c9089 _d9089 |
||